Elite forces of India and Pakistan (Record no. 542687)

000 -LEADER
fixed length control field 00445nam a22001457a 4500
020 ## - INTERNATIONAL STANDARD BOOK NUMBER
International Standard Book Number 1855322099
082 ## - DEWEY DECIMAL CLASSIFICATION NUMBER
Classification number 355.3095405491
Author Mark ELI
-- L-30 P-182
100 ## - MAIN ENTRY--PERSONAL NAME
Personal name Ken Conboy,Paul Hannon.,
9 (RLIN) 37964
245 ## - TITLE STATEMENT
Title Elite forces of India and Pakistan
Statement of responsibility, etc. Ken Conboy,Paul Hannon.,
260 ## - PUBLICATION, DISTRIBUTION, ETC.
Place of publication, distribution, etc. Osprey:
Name of publisher, distributor, etc. Osprey Publishing Ltd
Date of publication, distribution, etc. c1992.
300 ## - PHYSICAL DESCRIPTION
Extent 64p.:
Other physical details ill.:
Dimensions 24cm
526 ## - STUDY PROGRAM INFORMATION NOTE
Program name 0
Interest level 0
Reading level 0
Title point value 355_309540549100000_ELI
650 ## - SUBJECT ADDED ENTRY--TOPICAL TERM
Topical term or geographic name entry element MCE
9 (RLIN) 379
942 ## - ADDED ENTRY ELEMENTS (KOHA)
Source of classification or shelving scheme
Koha item type Book
Holdings
Withdrawn status Lost status Source of classification or shelving scheme Damaged status Not for loan Permanent Location Current Location Date acquired Total Checkouts Full call number Barcode Date last seen Price effective from Koha item type
          Military College of Engineering (MCE) Military College of Engineering (MCE) 02/11/2014   355.3095405491 ELI MCE-26866 02/11/2014 02/11/2014 Book
© 2023 Central Library, National University of Sciences and Technology. All Rights Reserved.